000 00909nas a2200301 4500
001 BR0603237
003 BR-BrBNA
005 20231205110151.0
007 ta
008 230509b bl.|||p| |||| 00| 00por d
040 _aBR-BrBNA
_bpor
_cBiblioteca Nacional de Agricultura
041 _a(Pt)
072 _aF08; Q04
100 1 _aLulu, J.
100 1 _aCastro, J.V. de
100 1 _aPedro Júnior, M.J.
245 1 _aEfeito do microclima na qualidade da uva de mesa 'Romana' (A 1105)cultivada sob cobertura plástica
650 _aUVA
650 _aSISTEMA DE CULTIVO
650 _aQUALIDADE
650 _aCULTIVO PROTEGIDO
650 _aMICROCLIMA
650 _aPODRIDÃO
650 _aPÓS-COLHEITA
773 0 _tRevista Brasileira de Fruticultura (Brazil)
_xISSN 0100-2945
_g(Dec 2005), v. 27(3) p. 422-425
_wBR0603237
909 _a202311
_bLúcia
_c55
_dLúcia Elande
942 _2AGRIS
_n0
_cANA
999 _c186407
_d186407